| 000 | 00758nam a2200217 a 4500 | ||
|---|---|---|---|
| 005 | 20210219160048.0 | ||
| 008 | 080625s1985 mx r 000 0 spa d | ||
| 020 | _a9231023152 | ||
| 035 | _aUPN01000157661 | ||
| 049 | _aUNE | ||
| 080 | _a631.47 (72) BRE. | ||
| 100 | 1 | _aBreimer, Richard | |
| 245 | 1 | 0 |
_aSoild and landscape survey of the mapimi biosphere reserve, Durango, México / _cRichard Breimer. |
| 260 |
_aMontevideo : _bROSTLAC, _c1985. |
||
| 300 |
_a128 p. : _bil., map. |
||
| 690 | _aReservas naturales - Paisaje - México | ||
| 690 | _aBiosfera - Clima - México | ||
| 690 | _aMéxico _ Reservas naturales | ||
| 710 | 2 |
_aROSTLAC. _bOficina Regional de Ciencia y Tecnología de la UNESCO para América Latina y el Caribe |
|
| 905 | _aUNESCO | ||
| 999 |
_c129775 _d129775 |
||